Gandhi`s Vision of World Order (Record no. 16992)

MARC details
000 -LEADER
fixed length control field 00588nam a2200241 a 4500
020 ## - INTERNATIONAL STANDARD BOOK NUMBER
ISBN 9788183762595
082 00 - DEWEY DECIMAL CLASSIFICATION NUMBER
Classification number 923.2
Author Cutter SIN
100 ## - MAIN ENTRY--AUTHOR NAME
Author name Singh, Prem
245 ## - TITLE STATEMENT
Title Gandhi`s Vision of World Order
260 ## - PUBLICATION, DISTRIBUTION, ETC. (IMPRINT)
Place of publication Jaipur
Name of publisher ABD Pub
Year of publication 2010
300 ## - PHYSICAL DESCRIPTION
Number of Pages 256p
500 ## - GENERAL NOTE
General note includes index and biblioraphy
505 2# - FORMATTED CONTENTS NOTE
Formatted contents note biblio, index
650 ## - SUBJECT ADDED ENTRY--TOPICAL TERM
Topical Term Gandhi M K-Philosophy
942 ## - ADDED ENTRY ELEMENTS (KOHA)
Koha item type Books
700 1# -
-- Singh, Prem
Holdings
Collection code Home library Current library Date acquired Cost, normal purchase price Full call number Accession Number Koha item type
  Henry Martyn Institute Library Henry Martyn Institute Library 10/28/2010 750.00 923.2 SIN 023388 Books
                   Copyright © 2026 | Henry Martyn Institute | Hyderabad | TS-500052 | INDIA | Implemented by hmi.edu.in
Hit-Count:

Powered by Koha